Formel 1 Teamwertung 2024 - Statistiken

Allgemein
  • Dieses Quiz wurde 105 mal gespielt
  • Das Durchschnittsergebnis liegt bei 9 aus 10
Antwortstatistiken
Platzierung Punkte Team % Korrekt
4 468 Mercedes
98%
2 652 Ferrari
97%
1 666 McLaren-Mercedes
97%
3 589 Red Bull Racing-Honda RBPT
97%
7 58 Haas-Ferrari
91%
6 65 Alpine-Renault
89%
5 94 Aston Martin Aramco-Mercedes
88%
9 17 Williams-Mercedes
87%
10 4 Kick Sauber-Ferrari
84%
8 46 RB-Honda RBPT
66%
Keine übereinstimmenden Quizze gefunden
Verteilung der Resultate
Anzahl Personen mit jedem Resultat
Perzentil nach korrekt beantworteten Fragen
Ihre Resultats-Entwicklung
Sie haben dieses Quiz noch nicht gespielt